K-pop Idols Real Names - Statistics

General Stats
  • This quiz has been taken 66 times
  • The average score is 10 of 43
Answer Stats
Stage Name Real Name % Correct
V Kim Taehyung
71%
Lee Know Lee Minho
64%
RM Kim Namjoon
62%
I.N Yang Jeongin
62%
J-Hope Jung Hoseok
53%
Ni-Ki Nishimura Riki
51%
The8 Xu Minghao
47%
Winter Kim Minjeong
42%
S.Coups Choi Seungcheol
40%
Dino Lee Chan
38%
Karina Yoo Jimin
36%
D.O. Do Kyungsoo
31%
Hoshi Kwon Soonyoung
31%
Woozi Lee Jihoon
31%
DK Lee Seokmin
31%
Giselle Uchinaga Aeri
31%
Lia Choi Jisu
24%
Liz Kim Jiwon
24%
Sullyoon Seol Yoona
24%
Doyoung Kim Dongyoung
22%
Kai Kim Jongin
22%
Joy Park Sooyoung
22%
Irene Bae Joohyun
20%
G-Dragon Kwon Jiyong
20%
Leeseo Lee Hyunseo
18%
Chuu Kim Jiwoo
16%
Chen Kim Jongdae
13%
Wendy Son Seungwan
13%
Suho Kim Junmyeon
11%
Key Kim Kibum
11%
Taesan Han Dongmin
9%
Leehan Kim Donghyun
9%
I.M Im Changkyun
7%
Haechan Kim Donghyuck
7%
Solar Kim Yongsun
7%
Yves Ha Sooyoung
4%
Young K Kang Younghyun
4%
Onew Lee Jinki
4%
Hwasa Ann Hyejin
2%
SinB Hwang Eunbi
2%
Umji Kim Yewon
2%
Zico Lee Jiho
2%
Riwoo Lee Sanghyuck
2%
No matching quizzes found
Score Distribution
Percent of People with Each Score
Percentile by Number Answered
Your Score History
You have not taken this quiz